Taylor Swift Debut Album - Sudden Death - Statistics

General Stats
  • This quiz has been taken 117 times
  • The average score is 12 of 14
Answers on the Grid
Answers color-coded by a green-red scale on the quiz's grid according to % correct below.
Price To Pay
Invisible
Mary's Song (Oh My My My)
Tied Together With A Smile
The Outside
Unstoppable
Tim McGraw
The Best View
Should've Said No
Life Goes On
Our Song
Picture To Burn
September
Teardrops On My Guitar
Georgia Stars
A Place In This World
Cold As You
The Very First Scar
Stay Beautiful
I'm Only Me When I'm With You
A Perfectly Good Heart
When Nashville Calls
 
Answer Stats
Answer % Correct
Mary's Song (Oh My My My)
92%
Should've Said No
92%
Teardrops On My Guitar
92%
Our Song
91%
Picture To Burn
91%
Tim McGraw
91%
Tied Together With A Smile
89%
Cold As You
85%
The Outside
85%
A Perfectly Good Heart
84%
I'm Only Me When I'm With You
84%
Stay Beautiful
83%
A Place In This World
82%
Invisible
82%
No matching quizzes found
Score Distribution
Percent of People with Each Score
Percentile by Number Answered
Your Score History
You have not taken this quiz